[Event "Landesliga Nord 1920"]
[Site "Bayern"]
[Date "2019.11.24"]
[Round "3.7"]
[White "Balle, Alfred"]
[Black "Herrmann, Jens"]
[Result "0-1"]
[WhiteElo "1880"]
[BlackElo "2058"]
[PlyCount "85"]
[EventDate "2019.09.29"]
[EventType "team-tourn"]
[EventRounds "9"]
[EventCountry "GER"]
[SourceTitle "EXT 2021"]
[Source "ChessBase"]
[SourceDate "2020.10.23"]
[SourceVersion "1"]
[SourceVersionDate "2020.10.23"]
[SourceQuality "1"]
[WhiteTeam "Forchheim"]
[BlackTeam "Bamberg SC"]
[WhiteTeamCountry "GER"]
[BlackTeamCountry "GER"]

1. e4 d5 2. exd5 Qxd5 3. Nf3 c6 4. d4 Nf6 5. c4 Qd8 6. Bd3 Bg4 7. Be3 e6 8. 0-0 Be7 9. Nbd2 Nbd7 10. Qc2 Qc7 11. Rfe1 Bh5 12. Bg5 Bg6 13. Bh4 0-0 14. Bxg6 hxg6 15. Ne4 Bb4 16. Bg3 Qa5 17. Re3 Nxe4 18. Qxe4 Nf6 19. Qh4 Be7 20. Qh3 Qf5 21. Qxf5 gxf5 22. Bh4 Rfe8 23. Rae1 Rad8 24. Rb3 b6 25. Rd1 Ne4 26. Bxe7 Rxe7 27. Rbd3 f6 28. Kf1 Red7 29. Ke2 g5 30. Ne1 Rh7 31. h3 Rhd7 32. Nc2 Kf7 33. Nb4 Rc8 34. f3 Ng3+ 35. Kf2 f4 36. d5 exd5 37. cxd5 cxd5 38. Nxd5 Rc2+ 39. Kg1 Rxb2 40. h4 Rxa2 41. Nxf4 Rxd3 42. Nxd3 gxh4 43. Rc1 0-1

[Event "Landesliga Nord 1920"]
[Site "Bayern"]
[Date "2019.10.20"]
[Round "1.7"]
[White "Balle, Alfred"]
[Black "Grafe, Wilhelm"]
[Result "1/2-1/2"]
[WhiteElo "1880"]
[BlackElo "1977"]
[PlyCount "79"]
[EventDate "2019.09.29"]
[EventType "team-tourn"]
[EventRounds "9"]
[EventCountry "GER"]
[SourceTitle "EXT 2021"]
[Source "ChessBase"]
[SourceDate "2020.10.23"]
[SourceVersion "1"]
[SourceVersionDate "2020.10.23"]
[SourceQuality "1"]
[WhiteTeam "Forchheim"]
[BlackTeam "Nuernberg NT II"]
[WhiteTeamCountry "GER"]
[BlackTeamCountry "GER"]

1. e4 c6 2. d4 d5 3. exd5 cxd5 4. Bd3 Nc6 5. c3 e5 6. dxe5 Nxe5 7. Bb5+ Nc6 8. Nf3 Bc5 9. 0-0 Nge7 10. Nbd2 0-0 11. Nb3 Bd6 12. Bg5 h6 13. Bd2 Bf5 14. Nfd4 Be4 15. Be3 Qc7 16. g3 Rfe8 17. Re1 Rad8 18. Nd2 Bg6 19. N2f3 a6 20. Bf1 Bh5 21. Be2 Qc8 22. Nh4 Bxe2 23. Nxe2 g5 24. Ng2 Qh3 25. Bb6 Ne5 26. Nd4 Ng4 27. Nf3 Rc8 28. Ne3 Nxe3 29. Rxe3 Qd7 30. Re2 Qb5 31. Bd4 Ng6 32. Rd2 Bf8 33. Be3 Ne7 34. Nd4 Qd7 35. Qf3 Ng6 36. Qf5 Qd8 37. Nf3 Ne7 38. Qd3 Rc6 39. Rad1 Qc8 40. Kg2 1/2-1/2

[Event "Mittelfranken-chTB2b 1718"]
[Site "Mittelfranken"]
[Date "2018.02.18"]
[Round "5.2"]
[White "Balle, Alfred"]
[Black "Kroneder, Christian"]
[Result "0-1"]
[WhiteElo "1881"]
[BlackElo "2016"]
[PlyCount "95"]
[EventDate "2017.10.08"]
[EventType "team-tourn"]
[EventRounds "9"]
[EventCountry "GER"]
[SourceTitle "EXT 2022"]
[Source "ChessBase"]
[SourceDate "2021.10.06"]
[SourceVersion "1"]
[SourceVersionDate "2021.10.06"]
[SourceQuality "1"]
[WhiteTeam "Forchheim SC III"]
[BlackTeam "Schwanstetten"]
[WhiteTeamCountry "GER"]
[BlackTeamCountry "GER"]

1. e4 c5 2. Nc3 Nc6 3. g3 g6 4. Bg2 Bg7 5. d3 d6 6. Be3 Rb8 7. Qd2 b5 8. f4 b4 9. Nd1 e6 10. Nf3 Nge7 11. 0-0 0-0 12. c3 bxc3 13. bxc3 Qa5 14. Rc1 Bd7 15. Nf2 Qa3 16. Rc2 d5 17. Qc1 Qa5 18. Bd2 Qa6 19. Re1 Rfc8 20. Bf1 Qa4 21. Ng4 c4 22. Nge5 Nxe5 23. Nxe5 cxd3 24. Bxd3 Bb5 25. c4 Bxe5 26. cxb5 Bd4+ 27. Kg2 Rxc2 28. Qxc2 Qxc2 29. Bxc2 Rxb5 30. Bb3 Bb6 31. Re2 dxe4 32. Rxe4 Nf5 33. Bc3 h5 34. Kf3 Ba5 35. Be5 Rb4 36. Re2 Nd4+ 37. Bxd4 Rxd4 38. Rc2 Kg7 39. Rc5 Bb6 40. Rc4 Rd3+ 41. Kg2 Kf6 42. Rc2 Re3 43. Bc4 Kf5 44. Re2 Rc3 45. Re5+ Kf6 46. Bb3 Rc1 47. Re2 Rg1+ 48. Kf3 0-1

[Event "Landesliga Nord 1617"]
[Site "Bayern"]
[Date "2017.03.19"]
[Round "7.7"]
[White "Zuehlke, Burkhard"]
[Black "Balle, Alfred"]
[Result "1-0"]
[WhiteElo "1912"]
[BlackElo "1861"]
[PlyCount "55"]
[EventDate "2016.10.16"]
[EventType "team-tourn"]
[EventRounds "9"]
[EventCountry "GER"]
[SourceTitle "EXT 2019"]
[Source "ChessBase"]
[SourceDate "2018.10.10"]
[SourceVersion "1"]
[SourceVersionDate "2018.10.10"]
[SourceQuality "1"]
[WhiteTeam "Zirndorf"]
[BlackTeam "Forchheim II"]
[WhiteTeamCountry "GER"]
[BlackTeamCountry "GER"]

1. d4 Nf6 2. c4 e6 3. Nc3 b6 4. e3 Bb7 5. f3 d5 6. Bd3 Nbd7 7. Nge2 c5 8. 0-0 Be7 9. cxd5 Nxd5 10. a3 0-0 11. e4 Nc7 12. Be3 cxd4 13. Nxd4 Ne5 14. Be2 Nc6 15. Nxc6 Bxc6 16. Qc2 Rc8 17. Rfd1 Qe8 18. Qb3 Bf6 19. Rd2 Bxc3 20. bxc3 e5 21. a4 Ne6 22. a5 Nc5 23. Qb4 Nd7 24. axb6 Rb8 25. Qd6 Nxb6 26. Rxa7 Qe6 27. Bc5 Rfe8 28. Ra6 1-0

[Event "Mittelfranken-chT2b 1617"]
[Site "Mittelfranken"]
[Date "2016.10.23"]
[Round "1.1"]
[White "Balle, Alfred"]
[Black "Luther, Helmut"]
[Result "0-1"]
[WhiteElo "1834"]
[BlackElo "1979"]
[PlyCount "106"]
[EventDate "2016.10.23"]
[EventType "team-tourn"]
[EventRounds "9"]
[EventCountry "GER"]
[SourceTitle "EXT 2022"]
[Source "ChessBase"]
[SourceDate "2021.10.06"]
[SourceVersion "1"]
[SourceVersionDate "2021.10.06"]
[SourceQuality "1"]
[WhiteTeam "Forchheim SC III"]
[BlackTeam "Nuernberg Sued SW III"]
[WhiteTeamCountry "GER"]
[BlackTeamCountry "GER"]

1. e4 d5 2. exd5 Qxd5 3. Nf3 Bg4 4. Be2 Nc6 5. d4 0-0-0 6. c3 e5 7. dxe5 Bxf3 8. Bxf3 Qxe5+ 9. Qe2 Qxe2+ 10. Bxe2 Re8 11. Be3 f5 12. 0-0 h5 13. Bd3 g6 14. Bb5 a6 15. Bxc6 bxc6 16. Nd2 Bh6 17. Bxh6 Nxh6 18. Rfe1 Nf7 19. Nb3 Ne5 20. Nc5 a5 21. Kf1 g5 22. Re2 Nc4 23. Rae1 Rxe2 24. Rxe2 Rd8 25. f3 f4 26. Re6 Kb8 27. Ne4 g4 28. Rxc6 Nxb2 29. Rc5 Nd1 30. Rb5+ Kc8 31. Rxa5 Ne3+ 32. Kf2 Rd1 33. Rxh5 Rf1+ 34. Ke2 gxf3+ 35. gxf3 Ra1 36. Nc5 Rxa2+ 37. Kd3 Kd8 38. Ne6+ Kd7 39. Nxf4 Nf1 40. Ne2 Rd2+ 41. Ke4 Rxe2+ 42. Kf5 Re3 43. f4 Rxc3 44. Rh7+ Kc6 45. Kg6 Ne3 46. f5 Ng4 47. Rh4 Ne5+ 48. Kg7 Rf3 49. f6 Kd6 50. Rh6 Kd5 51. Rh8 c5 52. h4 Rg3+ 53. Kh7 Ke6 0-1

[Event "Mittelfranken-chTB2b 1516"]
[Site "Mittelfranken"]
[Date "2016.04.17"]
[Round "9.2"]
[White "Thuerauf, Peter"]
[Black "Balle, Alfred"]
[Result "0-1"]
[WhiteElo "1768"]
[BlackElo "1861"]
[PlyCount "90"]
[EventDate "2015.10.18"]
[EventType "team-tourn"]
[EventRounds "9"]
[EventCountry "GER"]
[SourceTitle "EXT 2020"]
[Source "ChessBase"]
[SourceDate "2019.10.17"]
[SourceVersion "1"]
[SourceVersionDate "2019.10.17"]
[SourceQuality "1"]
[WhiteTeam "Nuernberg Sued SW V"]
[BlackTeam "Forchheim III"]
[WhiteTeamCountry "GER"]
[BlackTeamCountry "GER"]

1. d4 Nf6 2. Nf3 e6 3. c4 b6 4. a3 Bb7 5. Nc3 d6 6. Bg5 Be7 7. e3 Nbd7 8. Be2 h6 9. Bxf6 Bxf6 10. 0-0 0-0 11. Qc2 c5 12. Rad1 Be7 13. e4 a6 14. Rfe1 Qc7 15. d5 e5 16. Qd3 Rad8 17. g3 Bc8 18. Bf1 Nf6 19. Nh4 g6 20. Ng2 Nh7 21. f4 Bf6 22. Qe3 exf4 23. Qxf4 Kg7 24. Kh1 Rde8 25. Bd3 Be5 26. Qd2 Bg4 27. Be2 Bd7 28. Bf3 Ng5 29. Nh4 Nxf3 30. Nxf3 Bf6 31. Qc2 Bg4 32. Rd3 Qd7 33. Rde3 g5 34. Nd1 Bh5 35. Qb3 g4 36. e5 Bd8 37. Qc3 Kh7 38. e6 fxe6 39. dxe6 Qb7 40. Qd3+ Bg6 41. Qxd6 Rxf3 42. Kg1 Bf6 43. Rxf3 Qxf3 44. Rf1 Bd4+ 45. Nf2 Rf8 0-1

[Event "Mittelfranken-chTB2b 1516"]
[Site "Mittelfranken"]
[Date "2016.01.24"]
[Round "5.3"]
[White "Hirn, Erwin"]
[Black "Balle, Alfred"]
[Result "1-0"]
[WhiteElo "1956"]
[BlackElo "1861"]
[PlyCount "37"]
[EventDate "2015.10.18"]
[EventType "team-tourn"]
[EventRounds "9"]
[EventCountry "GER"]
[SourceTitle "EXT 2020"]
[Source "ChessBase"]
[SourceDate "2019.10.17"]
[SourceVersion "1"]
[SourceVersionDate "2019.10.17"]
[SourceQuality "1"]
[WhiteTeam "Neumarkt"]
[BlackTeam "Forchheim III"]
[WhiteTeamCountry "GER"]
[BlackTeamCountry "GER"]

1. d4 Nf6 2. Nc3 d5 3. Bg5 e6 4. Qd3 b6 5. e4 Be7 6. e5 Nfd7 7. Bxe7 Qxe7 8. Qg3 0-0 9. Bd3 c5 10. Nf3 Nc6 11. Bxh7+ Kxh7 12. Ng5+ Kh6 13. Qh4+ Kg6 14. Qh7+ Kxg5 15. f4+ Kxf4 16. 0-0+ Kg4 17. h3+ Kg5 18. Qxg7+ Kh5 19. g4+ 1-0

[Event "Mittelfranken-chTB2b 1415"]
[Site "Mittelfranken"]
[Date "2015.04.19"]
[Round "9.3"]
[White "Balle, Alfred"]
[Black "Friedrich, Heinrich"]
[Result "1-0"]
[WhiteElo "1861"]
[BlackElo "1913"]
[PlyCount "83"]
[EventDate "2014.09.28"]
[EventType "team-tourn"]
[EventRounds "9"]
[EventCountry "GER"]
[SourceTitle "EXT 2020"]
[Source "ChessBase"]
[SourceDate "2019.10.17"]
[SourceVersion "1"]
[SourceVersionDate "2019.10.17"]
[SourceQuality "1"]
[WhiteTeam "Forchheim III"]
[BlackTeam "Kirchehren/Eberm"]
[WhiteTeamCountry "GER"]
[BlackTeamCountry "GER"]

1. e4 c5 2. Nf3 d6 3. d4 cxd4 4. Nxd4 Nf6 5. Nc3 a6 6. Be2 e6 7. 0-0 Be7 8. Be3 Bd7 9. f4 Nc6 10. Nb3 b5 11. a3 Qc7 12. Bf3 Rb8 13. Qe1 h5 14. h3 Na5 15. Nxa5 Qxa5 16. e5 Ng8 17. exd6 Bf6 18. Nd5 Qxe1 19. Nxf6+ Nxf6 20. Rfxe1 0-0 21. Rad1 b4 22. Bc5 bxa3 23. Bxa3 Rfc8 24. Re2 Rc4 25. g3 a5 26. Re5 h4 27. Kg2 hxg3 28. Rxa5 Rxf4 29. b3 Rf5 30. Rxf5 exf5 31. Rd4 Rc8 32. c4 g5 33. Kxg3 Re8 34. Bc1 f4+ 35. Kg2 Re1 36. Bd2 Rb1 37. b4 Rb3 38. c5 g4 39. hxg4 Bxg4 40. Bxg4 Rg3+ 41. Kf1 Nxg4 42. Bxf4 1-0

[Event "Regionalliga NO 1314"]
[Site "Bayern"]
[Date "2014.02.23"]
[Round "7.6"]
[White "Balle, Alfred"]
[Black "Diehl, Achim"]
[Result "0-1"]
[WhiteElo "1834"]
[BlackElo "1994"]
[PlyCount "102"]
[EventDate "2013.10.13"]
[EventType "team-tourn"]
[EventRounds "9"]
[EventCountry "GER"]
[SourceTitle "EXT 2015"]
[Source "ChessBase"]
[SourceDate "2014.11.20"]
[SourceVersion "1"]
[SourceVersionDate "2014.11.20"]
[SourceQuality "1"]
[WhiteTeam "Forchheim II"]
[BlackTeam "Nuernberg Sued SW II"]
[WhiteTeamCountry "GER"]
[BlackTeamCountry "GER"]

1. e4 c5 2. Nf3 d6 3. d4 cxd4 4. Nxd4 Nf6 5. Nc3 a6 6. Be2 b5 7. Bf3 e5 8. Nf5 d5 9. Bg5 Bxf5 10. exf5 e4 11. Bxf6 gxf6 12. Bg4 Bb4 13. 0-0 Bxc3 14. bxc3 Nc6 15. a4 b4 16. cxb4 Nxb4 17. Qd2 Qd6 18. Rfe1 Qc5 19. Rab1 Nc6 20. Qh6 Rg8 21. Be2 Ne5 22. Qxf6 Qe7 23. Qh6 Qc7 24. Qxh7 Ke7 25. Qh4+ f6 26. f4 Nd7 27. Rbd1 Qc5+ 28. Qf2 Qxf2+ 29. Kxf2 Rac8 30. Rxd5 Rxc2 31. g3 Nc5 32. Red1 Rb8 33. h4 Rbb2 34. Rxc5 Rxc5 35. Re1 Kf7 36. Ke3 Rc3+ 37. Kxe4 Rxg3 38. Bxa6 Rb4+ 39. Kd5 Rxa4 40. Be2 Ra5+ 41. Ke4 Ra4+ 42. Kd5 Rxf4 43. Bh5+ Kg7 44. Re7+ Kh6 45. Bg6 Rxh4 46. Ke6 Kg5 47. Rg7 Re3+ 48. Kf7 Rb3 49. Bh7+ Kh6 50. Rg6+ Kxh7 51. Kxf6 Rb6+ 0-1

[Event "Mittelfranken-chTB2b 1112"]
[Site "Germany"]
[Date "2012.03.25"]
[Round "9.4"]
[White "Bothe, Matthias"]
[Black "Balle, Alfred"]
[Result "1-0"]
[WhiteElo "1915"]
[BlackElo "1856"]
[PlyCount "83"]
[EventDate "2011.09.25"]
[EventType "team-tourn"]
[EventRounds "9"]
[EventCountry "GER"]
[SourceTitle "EXT 2018"]
[Source "ChessBase"]
[SourceDate "2017.10.13"]
[SourceVersion "1"]
[SourceVersionDate "2017.10.13"]
[SourceQuality "1"]
[WhiteTeam "Neumarkt"]
[BlackTeam "Forchheim III"]
[WhiteTeamCountry "GER"]
[BlackTeamCountry "GER"]

1. c4 Nf6 2. g3 e6 3. Bg2 d5 4. Nf3 Bd6 5. 0-0 0-0 6. d4 Nbd7 7. c5 Be7 8. Nc3 c6 9. b4 Ne4 10. Nxe4 dxe4 11. Nd2 f5 12. Nc4 Nf6 13. Bg5 h6 14. Bxf6 Bxf6 15. e3 Bd7 16. Qb3 Qe7 17. Rfd1 Be8 18. Rac1 Bh5 19. Rd2 Rad8 20. a4 Kh7 21. b5 Be8 22. Nd6 Qc7 23. Qxe6 Bd7 24. Qb3 Be7 25. Nc4 Be6 26. b6 Qb8 27. bxa7 Qxa7 28. Rb2 Rd7 29. Qb4 Bxc4 30. Rxc4 Bd8 31. Qb3 Qa5 32. Rb4 Rff7 33. Bf1 Qa8 34. Bc4 Rf6 35. Rxb7 Rxb7 36. Qxb7 Qxa4 37. Qb3 Qa5 38. Qb4 Qxb4 39. Rxb4 Be7 40. Rb7 Bf8 41. Bb3 Kg6 42. Rc7 1-0

[Event "Mittelfranken-chTB2b 1112"]
[Site "Germany"]
[Date "2011.11.20"]
[Round "3.3"]
[White "Wegmann, Wolfgang"]
[Black "Balle, Alfred"]
[Result "0-1"]
[WhiteElo "1871"]
[BlackElo "1844"]
[PlyCount "140"]
[EventDate "2011.09.25"]
[EventType "team-tourn"]
[EventRounds "9"]
[EventCountry "GER"]
[SourceTitle "EXT 2013"]
[Source "ChessBase"]
[SourceDate "2012.11.22"]
[SourceVersion "1"]
[SourceVersionDate "2012.11.22"]
[SourceQuality "1"]
[WhiteTeam "Heideck/Hilpoltstein"]
[BlackTeam "Forchheim III"]
[WhiteTeamCountry "GER"]
[BlackTeamCountry "GER"]

1. e4 c5 2. Nc3 Nc6 3. f4 e6 4. Nf3 a6 5. d3 Be7 6. g3 d6 7. Bg2 Nf6 8. 0-0 0-0 9. h3 b5 10. g4 Bb7 11. Ne2 d5 12. e5 Nd7 13. c3 b4 14. d4 a5 15. f5 Nb6 16. Qe1 Ba6 17. Be3 Nc4 18. Bc1 Qd7 19. Nh4 bxc3 20. bxc3 Qa7 21. f6 gxf6 22. exf6 Bd6 23. Bh6 cxd4 24. cxd4 Nxd4 25. Kh1 Nxe2 26. Qxe2 Rfe8 27. Rfc1 Qd4 28. Bg7 Qf4 29. Nf3 Ne5 30. Qf2 Nd3 31. Qh4 Nxc1 32. Bh6 Qe4 33. Rxc1 Rac8 34. Re1 Qg6 35. Ne5 Bxe5 36. Rxe5 Qb1+ 37. Kh2 Bd3 38. Qg5+ Bg6 39. Bf8 Qc1 40. Re3 Qc7+ 41. Rg3 Qc1 42. Re3 Qb2 43. Ba3 Qb8+ 44. Kg1 Kh8 45. Rb3 Qa7+ 46. Kh1 Rg8 47. Qf4 Rc4 48. Qh6 Be4 49. Rg3 Qb8 50. Rb3 Bxg2+ 51. Kxg2 Qf4 52. Qxf4 Rxf4 53. Be7 h5 54. Kg3 Rc4 55. Ra3 a4 56. Kf2 hxg4 57. hxg4 Rgxg4 58. Rh3+ Kg8 59. Bd6 Rg5 60. Be7 Rc2+ 61. Kf1 Rxa2 62. Rc3 Kh7 63. Rc8 Rg8 64. Rc3 Rb8 65. Rc1 Kg6 66. Bd6 Rbb2 67. Be5 Kf5 68. Bd4 Rh2 69. Bg1 Rhc2 70. Re1 Kxf6 0-1

[Event "Mittelfranken-chTB2a 0910"]
[Site "Mittelfranken"]
[Date "2010.04.18"]
[Round "9.1"]
[White "Balle, Alfred"]
[Black "Walter, Thomas"]
[Result "0-1"]
[WhiteElo "1901"]
[BlackElo "2138"]
[PlyCount "78"]
[EventDate "2009.10.11"]
[EventType "team-tourn"]
[EventRounds "9"]
[EventCountry "GER"]
[SourceTitle "EXT 2011"]
[Source "ChessBase"]
[SourceDate "2010.11.26"]
[SourceVersion "1"]
[SourceVersionDate "2010.11.26"]
[SourceQuality "1"]
[WhiteTeam "Forchheim III"]
[BlackTeam "Erlangen SC II"]
[WhiteTeamCountry "GER"]
[BlackTeamCountry "GER"]

1. e4 c5 2. Nf3 d6 3. d4 cxd4 4. Nxd4 Nf6 5. Nc3 a6 6. Be2 e6 7. 0-0 Be7 8. Be3 Nbd7 9. a4 Nc5 10. f3 Qa5 11. Qd2 e5 12. Nf5 Bxf5 13. exf5 Rd8 14. Rfd1 Qb4 15. Ne4 Qxd2 16. Nxf6+ gxf6 17. Rxd2 d5 18. b4 d4 19. Bh6 Nd7 20. b5 Bc5 21. Bd3 a5 22. Re2 Ke7 23. Bd2 Bb6 24. Kf1 Rc8 25. f4 Kd6 26. Be1 h5 27. Bh4 Rhg8 28. Rae1 Rg4 29. fxe5+ fxe5 30. Bg3 f6 31. Re4 Rxe4 32. Bxe4 Nc5 33. Bf3 Nxa4 34. Bxb7 Rxc2 35. Bh4 d3 36. Rd1 Nb2 37. Rb1 d2 38. Be4 Rc1+ 39. Ke2 d1Q# 0-1

[Event "Regionalliga NO 0809"]
[Site "Bayern"]
[Date "2009.03.01"]
[Round "7.7"]
[White "Eichinger, Christoph"]
[Black "Balle, Alfred"]
[Result "1/2-1/2"]
[WhiteElo "1791"]
[BlackElo "1893"]
[PlyCount "43"]
[EventDate "2008.10.05"]
[EventType "team-tourn"]
[EventRounds "9"]
[EventCountry "GER"]
[SourceTitle "EXT 2020"]
[Source "ChessBase"]
[SourceDate "2019.10.17"]
[SourceVersion "1"]
[SourceVersionDate "2019.10.17"]
[SourceQuality "1"]
[WhiteTeam "Kareth Lappersdorf"]
[BlackTeam "Forchheim II"]
[WhiteTeamCountry "GER"]
[BlackTeamCountry "GER"]

1. e4 c5 2. Nf3 d6 3. d4 cxd4 4. Nxd4 Nf6 5. Nc3 a6 6. Be2 e5 7. Nb3 Be7 8. Be3 Be6 9. 0-0 b5 10. a3 Nbd7 11. Kh1 Nb6 12. Nd2 d5 13. Bxb6 Qxb6 14. exd5 Nxd5 15. Nc4 Qd4 16. Nxd5 Bxd5 17. Qxd4 exd4 18. Nb6 Rd8 19. Nxd5 Rxd5 20. Rfe1 Rd6 21. Rad1 Kd8 22. Bd3 1/2-1/2

[Event "Mittelfrankenliga-B2a 0708"]
[Site "Mittelfranken"]
[Date "2008.03.02"]
[Round "7.2"]
[White "Reinders, Rudolf"]
[Black "Balle, Alfred"]
[Result "1-0"]
[WhiteElo "1875"]
[BlackElo "1901"]
[PlyCount "39"]
[EventDate "2007.10.14"]
[EventType "team-tourn"]
[EventRounds "9"]
[EventCountry "GER"]
[SourceTitle "EXT 2011"]
[Source "ChessBase"]
[SourceDate "2010.11.26"]
[SourceVersion "1"]
[SourceVersionDate "2010.11.26"]
[SourceQuality "1"]
[WhiteTeam "Erlangen BSGW"]
[BlackTeam "Forchheim III"]
[WhiteTeamCountry "GER"]
[BlackTeamCountry "GER"]

1. e4 c5 2. d4 cxd4 3. c3 dxc3 4. Nxc3 Nc6 5. Bc4 e6 6. Nf3 d6 7. 0-0 Nf6 8. Qe2 Be7 9. Rd1 Bd7 10. Nb5 Qb8 11. Bg5 a6 12. Bxf6 gxf6 13. Nc3 b5 14. Bb3 Qb6 15. Rac1 Rc8 16. Qd2 Na5 17. Qh6 Nxb3 18. axb3 b4 19. Na4 Bxa4 20. Rxc8+ 1-0

[Event "Mittelfrankenliga-B2a 0708"]
[Site "Mittelfranken"]
[Date "2007.11.25"]
[Round "3.2"]
[White "Kuhlmann, Christoph"]
[Black "Balle, Alfred"]
[Result "1-0"]
[WhiteElo "2084"]
[BlackElo "1901"]
[PlyCount "149"]
[EventDate "2007.10.14"]
[EventType "team-tourn"]
[EventRounds "9"]
[EventCountry "GER"]
[SourceTitle "EXT 2011"]
[Source "ChessBase"]
[SourceDate "2010.11.26"]
[SourceVersion "1"]
[SourceVersionDate "2010.11.26"]
[SourceQuality "1"]
[WhiteTeam "Lauf"]
[BlackTeam "Forchheim III"]
[WhiteTeamCountry "GER"]
[BlackTeamCountry "GER"]

1. c4 Nf6 2. Nc3 e6 3. e4 d5 4. e5 d4 5. exf6 dxc3 6. bxc3 Qxf6 7. d4 c5 8. Nf3 h6 9. Bd3 Nc6 10. Be4 Bd7 11. 0-0 Rd8 12. Bxc6 Bxc6 13. Ne5 Bd6 14. Nxc6 bxc6 15. Qa4 0-0 16. Be3 e5 17. dxc5 Bb8 18. Rad1 Qe6 19. Rxd8 Rxd8 20. Rd1 Rxd1+ 21. Qxd1 Qc8 22. f3 f5 23. g4 fxg4 24. fxg4 Qc7 25. Kf2 Qe7 26. Qb1 Qe8 27. Qe4 Qe6 28. Kg2 Kf7 29. Bf2 Bc7 30. Kf3 g6 31. Bg3 Qf6+ 32. Ke2 Ke7 33. h4 Kd7 34. h5 g5 35. Qh7+ Qe7 36. Qxh6 Qxc5 37. Qh7+ Kc8 38. Qg8+ Kb7 39. Bf2 Qa3 40. h6 Qb2+ 41. Kf1 Qb1+ 42. Be1 Qd3+ 43. Kg2 Qe4+ 44. Kf1 Qf3+ 45. Bf2 Qd1+ 46. Be1 Qf3+ 47. Bf2 Qh1+ 48. Ke2 Qxh6 49. c5 Qf6 50. Be3 Bd8 51. Qh7+ Kb8 52. Qf5 Qe7 53. Kf3 Qe8 54. Ke4 Bc7 55. c4 Qh8 56. Bxg5 Qh1+ 57. Kd3 Qb1+ 58. Ke3 Qxa2 59. Qd3 Qg2 60. Qb1+ Ka8 61. Qd1 Qg3+ 62. Ke4 Qg2+ 63. Qf3 Qc2+ 64. Qd3 Qg2+ 65. Kf5 Qf2+ 66. Ke6 Qxc5 67. Be7 Qg1 68. Qf3 Kb7 69. g5 Qb1 70. Qf5 Qb3 71. Qg4 Qd3 72. g6 e4 73. g7 Qxc4+ 74. Kf6 Qg8 75. Qe6 1-0

[Event "Landesliga Nord 0607"]
[Site "Bayern"]
[Date "2007.04.22"]
[Round "9.7"]
[White "Blazkova, Petra"]
[Black "Balle, Alfred"]
[Result "1-0"]
[WhiteElo "2241"]
[BlackElo "1936"]
[PlyCount "67"]
[EventDate "2006.10.15"]
[EventType "team"]
[EventRounds "9"]
[EventCountry "GER"]
[SourceTitle "EXT 2008"]
[Source "ChessBase"]
[SourceDate "2007.11.25"]
[SourceVersion "1"]
[SourceVersionDate "2007.11.25"]
[SourceQuality "1"]
[WhiteTeam "Koenigshofen"]
[BlackTeam "Forchheim II"]
[WhiteTeamCountry "GER"]
[BlackTeamCountry "GER"]

1. e4 c5 2. Nf3 d6 3. d4 cxd4 4. Nxd4 Nf6 5. Nc3 a6 6. f4 e5 7. Nf5 Bxf5 8. exf5 Nc6 9. g4 Be7 10. Bg2 Qb6 11. g5 Nd7 12. Nd5 Qd8 13. 0-0 0-0 14. f6 gxf6 15. Be4 fxg5 16. fxg5 f5 17. Bxf5 Nd4 18. Qg4 Nxf5 19. Rxf5 Rxf5 20. Qxf5 Nf8 21. Be3 Ng6 22. Rf1 Kh8 23. Qg4 Qg8 24. Qe4 b5 25. h4 Re8 26. Rf2 Bd8 27. h5 Nf8 28. Rg2 Qe6 29. g6 hxg6 30. hxg6 Nd7 31. g7+ Kg8 32. Rh2 Nf6 33. Nxf6+ Qxf6 34. Qh7+ 1-0

[Event "Landesliga Nord 0607"]
[Site "Bayern"]
[Date "2007.02.25"]
[Round "6.6"]
[White "Balle, Alfred"]
[Black "Kirschbaum, Heinrich"]
[Result "0-1"]
[WhiteElo "1926"]
[BlackElo "2034"]
[PlyCount "122"]
[EventDate "2006.10.15"]
[EventType "team"]
[EventRounds "9"]
[EventCountry "GER"]
[SourceTitle "EXT 2008"]
[Source "ChessBase"]
[SourceDate "2007.11.25"]
[SourceVersion "1"]
[SourceVersionDate "2007.11.25"]
[SourceQuality "1"]
[WhiteTeam "Forchheim II"]
[BlackTeam "Regensburg Fortuna II"]
[WhiteTeamCountry "GER"]
[BlackTeamCountry "GER"]

1. e4 g6 2. Nc3 Bg7 3. g3 d6 4. Bg2 e5 5. Nf3 c5 6. d3 Nc6 7. Bg5 f6 8. Be3 Nge7 9. Nd2 0-0 10. 0-0 Rb8 11. a4 a6 12. Ne2 f5 13. f4 exf4 14. Bxf4 Bxb2 15. Nc4 Be5 16. Nxe5 dxe5 17. Be3 Qd6 18. a5 b5 19. axb6 Rxb6 20. Nc3 Nd4 21. Ra5 Nec6 22. Ra4 Nb4 23. Rf2 f4 24. gxf4 exf4 25. Bc1 Bd7 26. Ra1 f3 27. Bf1 Qe6 28. Kh1 Qg4 29. Be3 Rbf6 30. Ra5 Nbxc2 31. Bxd4 Nxd4 32. Rxc5 Qh4 33. Qe1 Bh3 34. Qe3 Bg2+ 35. Kg1 Qg4 36. Qxd4 Bh3+ 37. Bg2 Bxg2 38. Qd5+ Kh8 39. Qg5 Qxg5 40. Rxg5 Kg7 41. Rc5 Rd6 42. Nd5 Rb8 43. Rfc2 Rb1+ 44. Rc1 Rxc1+ 45. Rxc1 g5 46. Kf2 h5 47. Rc3 g4 48. Ne3 Rb6 49. Rc2 a5 50. Nc4 Rb1 51. Ne3 a4 52. Ra2 Rh1 53. Kg3 Bf1 54. Ra1 Bg2 55. Rxa4 Bh3 56. e5 Re1 57. Re4 Kf8 58. e6 Ke8 59. d4 h4+ 60. Kxh4 Rxe3 61. Rf4 Rxe6 0-1

[Event "Landesliga Nord 0607"]
[Site "Bayern"]
[Date "2007.02.04"]
[Round "5.6"]
[White "Nuernberger, Stefan"]
[Black "Balle, Alfred"]
[Result "1/2-1/2"]
[WhiteElo "2002"]
[BlackElo "1926"]
[PlyCount "50"]
[EventDate "2006.10.15"]
[EventType "team"]
[EventRounds "9"]
[EventCountry "GER"]
[SourceTitle "EXT 2008"]
[Source "ChessBase"]
[SourceDate "2007.11.25"]
[SourceVersion "1"]
[SourceVersionDate "2007.11.25"]
[SourceQuality "1"]
[WhiteTeam "Marktleuthen"]
[BlackTeam "Forchheim II"]
[WhiteTeamCountry "GER"]
[BlackTeamCountry "GER"]

1. d4 Nf6 2. Nf3 e6 3. e3 b6 4. Bd3 Bb7 5. Nbd2 d5 6. 0-0 Bd6 7. Qe2 Nbd7 8. e4 dxe4 9. Nxe4 Nxe4 10. Bxe4 Bxe4 11. Qxe4 0-0 12. Bg5 Nf6 13. Qe2 Be7 14. Rfd1 c6 15. Rd2 Re8 16. Rad1 Qd5 17. c4 Qf5 18. Rd3 h6 19. Bh4 Rac8 20. Re3 Ng4 21. Re4 Nf6 22. Re5 Qg6 23. Re3 Ng4 24. Re4 Nf6 25. Re3 Ng4 1/2-1/2